000 00568nam a2200193 i 4500
001 51036
003 ES-MaACL
005 20230906162301.0
007 t|
008 030808s1965 sp ||||1| spa d
100 1 _aCurvers, Alexis.
_942256
245 1 0 _aPío XII, el Papa Ultrajado /
_cAlexis Curvers ; [versión española de V. Losada].
250 _a[1ª ed.].
260 _aBarcelona :
_bLuis de Caralt,
_c[1965]
300 _a199 p. ;
_c21 cm.
600 0 4 _aPío
_bXII,
_cPapa.
_992302
700 1 _aLosada, V.
_974263
852 _aES-MaACL
_jC-28144
_bR.57535
999 _c51036
_d51036